00836nam a22002417a 4500003000900000005001700009008003200026020001500058040002200073092001700095100002400112245007000136260003600206300003000242500005100272500004800323700001800371942001200389945002800401952011600429956003200545999001700577DO-SdBNP20180221101918.0160718 1996 xxu a spa d a0590254693 aBPMSUbspacBPMSU axxxxxbxxxxx1 aBourgeois, Paulette10aFranklin and the tooth fairy /cPaulette Bourgeois, Brenda Clark  aNew York : bScholastic,c1996. a[30] p. :bil. ;c23 cm.  aWhich of these Franklin stories have you read? aFranklin is a trade mark of kids can press.12aClark, Brenda 2ddccBK ainventariado, 2018 / dg 00102ddc40708CI-GaBPMETbBPMETd2016-12-14eDonado por Fundil0pBPMSU16120313r2016-12-14w2016-12-14yBK 2YLOCKWARD3108BPMSUa00144 c12432d12432